Online
Catalog

1892 : el IV Centenario del descubrimiento de América en España, coyuntura y conmemoraciones / (Record no. 40576)

MARC details
000 -CABECERA
campo de control de longitud fija 01050nam a2200229 a 4500
001 - NÚMERO DE CONTROL
campo de control 000041086
005 - FECHA Y HORA DE LA ÚLTIMA TRANSACCIÓN
campo de control 20201002034616.0
008 - DATOS DE LONGITUD FIJA--INFORMACIÓN GENERAL
campo de control de longitud fija 130917s1987 000 spa d
020 ## - NÚMERO INTERNACIONAL ESTÁNDAR DEL LIBRO
Número Internacional Estándar del Libro 8400065778
040 ## - FUENTE DE LA CATALOGACIÓN
Centro catalogador/agencia de origen DO-SdBNP
100 1# - ENTRADA PRINCIPAL--NOMBRE DE PERSONA
Nombre de persona Bernabeu Albert, Salvador.
9 (RLIN) 67598
245 10 - MENCIÓN DE TÍTULO
Título 1892 : el IV Centenario del descubrimiento de América en España, coyuntura y conmemoraciones /
Mención de responsabilidad, etc. Salvador Bernabeu Albert.
246 13 - FORMA VARIANTE DE TÍTULO
Título propio/Titulo breve Mil ochocientos noventa y dos :
Resto del título el IV Centenario del descubrimiento de América en España, coyuntura y conmemoraciones
260 ## - PUBLICACIÓN, DISTRIBUCIÓN, ETC.
Lugar de publicación, distribución, etc. Madrid :
Nombre del editor, distribuidor, etc. Consejo Superior de Investigaciones Científicas,
Fecha de publicación, distribución, etc. 1987.
300 ## - DESCRIPCIÓN FÍSICA
Extensión 206 p. :
Otras características físicas il. ;
Dimensiones 25 cm.
490 1# - MENCIÓN DE SERIE
Mención de serie Tierra nueva e cielo nuevo
Designación de volumen o secuencia 20
504 ## - NOTA DE BIBLIOGRAFÍA, ETC.
Nota de bibliografía, etc. Incluye referencias bibliográficas y notas al pie de las páginas
504 ## - NOTA DE BIBLIOGRAFÍA, ETC.
Nota de bibliografía, etc. Bibliografía : p.
710 2# - PUNTO DE ACCESO ADICIONAL--NOMBRE DE ENTIDAD CORPORATIVA
Nombre de entidad corporativa o nombre de jurisdicción como elemento de entrada Consejo Superior de Investigaciones Científicas
9 (RLIN) 4786
710 2# - PUNTO DE ACCESO ADICIONAL--NOMBRE DE ENTIDAD CORPORATIVA
Nombre de entidad corporativa o nombre de jurisdicción como elemento de entrada Centro de Estudios Históricos. Departamento de Historia de América, 1987.
9 (RLIN) 67599
830 #0 - PUNTO DE ACCESO ADICIONAL DE SERIE-TÍTULO UNIFORME
Título uniforme Tierra nueva e cielo nuevo
Número de parte o sección de la obra 20
9 (RLIN) 67600
Holdings
Estado de retiro Estado de pérdida Restricciones de uso No para préstamo Código de colección Localización permanente Ubicación/localización actual Ubicación en estantería Fecha de adquisición Número de inventario Total de préstamos Signatura topográfica completa Código de barras Fecha visto por última vez Precio válido a partir de Tipo de ítem Koha
      Excluido de préstamo Monografías: Libros y Folletos General General En catalogación 17.09.2013 LF1   41086-10 25.06.2020 25.06.2020 No se presta

Powered by Koha